|
|
|
|
| LEADER |
00000nam a2200000 a 4500 |
| 001 |
vtls001400284 |
| 003 |
SK-MaSNL |
| 005 |
20260302001144.0 |
| 008 |
240226s1950 xo f 000 0 slo |
| 020 |
|
|
|q (brož.)
|
| 035 |
|
|
|a SNK000354764
|
| 035 |
|
|
|a urn:nbn:sk:snk-am3ikna
|
| 035 |
|
|
|a FEC03A44-F8C6-4FAF-B5FF-7EA975329FB8
|
| 035 |
|
|
|a urn:nbn:sk:snk-am00ene6
|
| 040 |
|
|
|a SNK
|b slo
|c SNK
|e AACR2
|
| 041 |
1 |
|
|a slo
|h rus
|
| 044 |
|
|
|a xo
|c SK
|
| 072 |
|
7 |
|a 81
|x Jazykoveda. Jazyky
|2 konspekt
|
| 080 |
|
|
|a 81`1
|2 2001
|
| 080 |
|
|
|a 811.1/.9
|2 2001
|
| 080 |
|
|
|a 81`373
|2 2001
|
| 080 |
|
|
|a 32
|2 2001
|
| 080 |
|
|
|a 141.82
|2 2001
|
| 080 |
|
|
|a (048.8)
|2 2001
|
| 100 |
1 |
|
|a Stalin, Josif Vissarionovič,
|d 1879-1953
|4 aut
|9 9996
|
| 245 |
1 |
0 |
|a O marxizme v jazykovede
|c J. V. Stalin ; [z ruštiny preložil M. Neman]
|
| 250 |
|
|
|a 1. vyd.
|
| 260 |
|
|
|a Bratislava
|b Pravda
|c 1950
|
| 300 |
|
|
|a 52 s.
|c 20 cm
|
| 490 |
1 |
|
|a Marxistická veda
|
| 650 |
0 |
7 |
|a lingvistika
|2 SNKPH
|9 860
|
| 650 |
0 |
7 |
|a marxizmus
|2 SNKPH
|9 2153
|
| 655 |
|
7 |
|a štúdie
|2 SNKPH
|9 57033
|
| 700 |
1 |
|
|a Neman, Miroslav,
|d 1926-2005
|4 trl
|9 220038
|
| 830 |
|
0 |
|a Marxistická veda
|9 346404
|
| 954 |
|
|
|a odborná, vedecká literatúra cudzojazyčná (svetová)
|2 lita
|
| 958 |
|
|
|a OND
|
| 958 |
|
|
|a EUIPO
|
| 999 |
|
|
|c 982713
|d 984643
|
| 952 |
|
|
|a SNK
|b SNK
|y NEVYP
|7 7
|p 17A0472242
|o snkSD 7369/1 D1
|i snk2005/9737
|8 1
|0 0
|1 0
|4 0
|d 2005-06-07
|l 0
|r 2026-02-24 11:23:51
|w 2026-02-24
|
| 952 |
|
|
|a SNK
|b SNK
|y PREZ
|7 0
|p 17A0257336
|o snkSD 7369/1
|i snkI. 496/56
|0 0
|1 0
|4 0
|d 2000-11-13
|f 1
|l 0
|r 2025-11-17 00:00:00
|w 2026-02-24
|
| 952 |
|
|
|a SNK
|b SNK
|y VYP
|7 0
|p 17A0698352
|o snkSD 7369/1 D1
|i snkD 1379/62
|8 1
|0 0
|1 0
|4 0
|d 2020-09-04
|l 0
|r 2026-02-24 11:23:51
|w 2026-02-24
|
| 952 |
|
|
|a SNK
|b SNK
|y VYP
|7 0
|p 17A0698351
|o snkSD 7369/1 D2
|i snkD 1382/62
|8 1
|0 0
|1 0
|4 0
|d 2020-09-04
|l 0
|r 2026-02-24 11:23:51
|w 2026-02-24
|